000 00951cam a2200325 i 4500
999 _c200425064
_d24188
001 200425064
003 TR-AnTOB
005 20190822100031.0
007 ta
008 160921s2016 tu e01 t tu tur d
020 _a9786050501117
040 _aTRTET
_beng
_erda
_cTR-AnTOB
_dTR-AnTOB
041 0 _atur
050 0 0 _aKKX1888.
090 _aKKX1888.
_bY55 2016
100 1 _aYılmaz, Ejder
_eauthor
_910788
245 1 0 _aİcra ve İflâs Kanunu Şerhi /
_cEjder Yılmaz.
264 1 _aAnkara :
_bYetkin,
_c2016
264 4 _c©2016
300 _a1503 pages ;
_c25 cm.
336 _atext
_btxt
_2rdacontent
337 _aunmediated
_bn
_2rdamedia
338 _avolume
_bnc
_2rdacarrier
504 _aIncludes bibliographical references and index.
650 7 _aİflas
_zTürkiye
_2etuturkob
_981044
650 7 _aİcra-iflas hukuku
_zTürkiye
_2etuturkob
_9115811
942 _2lcc
_cBK